000 00316nam a2200133Ia 4500
008 240624s9999 xx 000 0 und d
041 _aeng
082 _a823 MAN
100 _aMANKELL HENNING
245 _aFIFTH WOMAN
260 _c2004
_aLondon
_bVintage Books
300 _a583 : p. : cm. ; 18
365 _cBPS
_b20
999 _c12675
_d12675